Quản lí đào tạo giáo viên trung học phổ thông theo tiếp cận bộ tiêu chuẩn đánh giá chương trình đào tạo của các trường đại học hàng đầu Đông Nam Á [AUN-QA] /
Gardado en:
| Autor Principal: | |
|---|---|
| Formato: | Artigo |
| Idioma: | Vietnamese |
| Những chủ đề: | |
| Các nhãn: |
Engadir etiqueta
Sen Etiquetas, Sexa o primeiro en etiquetar este rexistro!
|
| Thư viện lưu trữ: | Thư viện Trường Đại học Đà Lạt |
|---|
| LEADER | 00958nam a2200277 4500 | ||
|---|---|---|---|
| 001 | DLU190189992 | ||
| 005 | ##20190322 | ||
| 040 | # | # | |a DLU |b vie |
| 041 | # | # | |a vie |
| 044 | # | # | |a vn |
| 100 | # | # | |a Phan Hùng Thu. |
| 245 | # | # | |a Quản lí đào tạo giáo viên trung học phổ thông theo tiếp cận bộ tiêu chuẩn đánh giá chương trình đào tạo của các trường đại học hàng đầu Đông Nam Á [AUN-QA] / |c Phan Hùng Thu. |
| 653 | # | # | |a Đào tạo giáo viên |
| 653 | # | # | |a Bộ tiêu chuẩn |
| 653 | # | # | |a Chương trình đào tạo |
| 653 | # | # | |a Quản lí đào tạo |
| 773 | # | # | |t Tạp chí Giáo dục |g Số 393, 2016, tr. 12-17 |
| 920 | # | # | |a Phòng Tạp chí -- Trung tâm Thông tin - Thư viện Trường Đại học Đà Lạt |
| 994 | # | # | |a DLU |
| 900 | # | # | |a True |
| 911 | # | # | |a Trần Thị Minh Hương |
| 925 | # | # | |a G |
| 926 | # | # | |a A |
| 927 | # | # | |a BB |
| 980 | # | # | |a Thư viện Trường Đại học Đà Lạt |